{"text_format":"3","workbook":"xls","n_sheets":1,"sheets":["印刷品"],"read":"whole","date_system":"1900","formulas":"cached_only"}

{"sheet":"印刷品","index":0,"n_rows":114,"n_cols":6,"rows_kept":114,"merged":[[0,0,0,5],[113,0,113,5]],"flags":["formulas_cached_only"]}
["2025年印刷品询价清单"]
["物品名称","物品规格","单位","单价","总数量","总金额"]
["CT申请单","亚太A级60克双胶纸215mm×297mm每本100页糊头","本","4.6800",{"v":300,"d":"300.00"},{"v":1404,"d":"1,404.00"}]
["X光申请及报告单","亚太A级60克双胶纸215mm×297mm每本100页糊头","本","4.3500",{"v":200,"d":"200.00"},{"v":869.9999999999999,"d":"870.00"}]
["安全责任书","","本","4.8800",{"v":100,"d":"100.00"},{"v":488,"d":"488.00"}]
["保卫科交接班本","亚太A级60克双胶纸215mm×297mm每本100页糊头","本","5.5500",{"v":50,"d":"50.00"},{"v":277.5,"d":"277.50"}]
["冰箱保存贴","彩色不干胶","张","0.0366",{"v":10000,"d":"10,000.00"},{"v":366,"d":"366.00"}]
["病案封面","亚太A级120克双胶纸105mm×215mm彩色印刷加印号码","张","0.0760",{"v":30000,"d":"30,000.00"},{"v":2280,"d":"2,280.00"}]
["病理标本送检申请单","亚太A级60克双胶纸215mm×297mm每本100页糊头","本","4.9500",{"v":152,"d":"152.00"},{"v":752.4,"d":"752.40"}]
["病理回执单","亚太A级60克双胶纸125mm×210mm每本100页封面印字包封面","本","2.3500",{"v":101,"d":"101.00"},{"v":237.35000000000002,"d":"237.35"}]
["病历档案盒","宁波白卡250克540mm×390mm","个","2.0800",{"v":2550,"d":"2,550.00"},{"v":5304,"d":"5,304.00"}]
["病历续页","亚太A级60克双胶纸215mm×297mm每本100页糊头","本","4.3500",{"v":100,"d":"100.00"},{"v":434.99999999999994,"d":"435.00"}]
["彩色B超申请单","亚太A级60克双胶纸148mm×215mm每本100页双色印刷","本","2.6800",{"v":300,"d":"300.00"},{"v":804,"d":"804.00"}]
["产科超声检查申请单","亚太A级60克双胶纸215mm×297mm每本100页糊头","本","4.6800",{"v":100,"d":"100.00"},{"v":468,"d":"468.00"}]
["肠镜检查预约告知单","亚太A级60克双胶纸215mm×297mm双色印刷每本100页糊头","本","5.5500",{"v":50,"d":"50.00"},{"v":277.5,"d":"277.50"}]
["床位卡","","个","1.1800",{"v":2000,"d":"2,000.00"},{"v":2360,"d":"2,360.00"}]
["磁供振(MRI)申请单","亚太A级60克双胶纸215mm×297mm双色印刷每本100页糊头","本","4.9500",{"v":50,"d":"50.00"},{"v":247.5,"d":"247.50"}]
["党委巡察生活汇编","","本","98.0000",{"v":10,"d":"10.00"},{"v":980,"d":"980.00"}]
["导尿管标识","","个","0.1450",{"v":5150,"d":"5,150.00"},746.75]
["第一类精神药品使用知情同意书","亚太A级60克双胶纸215mm×297mm每本100页糊头","本","4.3500",{"v":50,"d":"50.00"},{"v":217.49999999999997,"d":"217.50"}]
["短期医嘱","亚太A级60克双胶纸215mm×297mm每本100页糊头","本","4.6800",{"v":200,"d":"200.00"},{"v":936,"d":"936.00"}]
["复印票证","亚太A级60克双胶纸70mm×180mm每本100页包封面印号码","本","1.9800",{"v":100,"d":"100.00"},{"v":198,"d":"198.00"}]
["肝素钠封管有效期","","张","0.0980",{"v":10000,"d":"10,000.00"},{"v":980,"d":"980.00"}]
["各种标识","防脱管（PVC彩色）","个","1.4000",{"v":519,"d":"519.00"},{"v":726.5999999999999,"d":"726.60"}]
["各种标识","防压疮（PVC彩色）","个","1.4000",{"v":621,"d":"621.00"},{"v":869.4,"d":"869.40"}]
["各种标识","饮食、级别（PVC彩色）","张","4.9000",{"v":1992,"d":"1,992.00"},{"v":9760.800000000001,"d":"9,760.80"}]
["各种标识","防坠床（PVC彩色）","张","1.3500",{"v":671,"d":"671.00"},905.85]
["各种标识","防深静脉血栓（PVC彩色）","张","1.4000",{"v":484,"d":"484.00"},{"v":677.5999999999999,"d":"677.60"}]
["挂历","","本","10.0000",{"v":3,"d":"3.00"},{"v":30,"d":"30.00"}]
["过塑膜","210mm×297mm","张","0.9500",{"v":100,"d":"100.00"},{"v":95,"d":"95.00"}]
["合同","","本","0.6800",{"v":1500,"d":"1,500.00"},{"v":1020.0000000000001,"d":"1,020.00"}]
["会议记录本","亚太A级60克双胶纸215mm×297mm双色印刷封面印字包封面","本","5.5500",{"v":100,"d":"100.00"},{"v":555,"d":"555.00"}]
["急诊检诊登记表","亚太A级60克双胶纸215mm×297mm每本100页糊头","本","4.3500",{"v":50,"d":"50.00"},{"v":217.49999999999997,"d":"217.50"}]
["记帐凭证封面","14*25牛皮纸150克","付","0.5000",{"v":500,"d":"500.00"},{"v":250,"d":"250.00"}]
["检验科打印纸","亚太A级60克双胶纸156mm×218mm满版印刷每本100页","本","3.0000",{"v":1100,"d":"1,100.00"},{"v":3300,"d":"3,300.00"}]
["打印纸70g","亚太A级70克双胶纸14.5cm×21cm满版印刷每本100页","本",{"v":3.6,"d":"3.6000"},{"v":400,"d":"400.00"},{"v":1440,"d":"1,440.00"}]
["奖状","A5","张","2.0000",{"v":172,"d":"172.00"},{"v":344,"d":"344.00"}]
["奖状","A3","张","4.3500",{"v":17,"d":"17.00"},{"v":73.94999999999999,"d":"73.95"}]
["奖状","A4","张","3.0000",{"v":67,"d":"67.00"},{"v":201,"d":"201.00"}]
["节目单","彩色A4","张","5.0000",{"v":18,"d":"18.00"},{"v":90,"d":"90.00"}]
["金额卷","60开","本","11.9000",{"v":36,"d":"36.00"},{"v":428.40000000000003,"d":"428.40"}]
["精神药品处方笺（精二）","亚太A级60克双胶纸148mm×215mm每本100页糊头","本","2.6500",{"v":350,"d":"350.00"},{"v":927.5,"d":"927.50"}]
["就诊单","亚太A级60克双胶纸96mm*135mm100页/本糊头","本","1.2700",{"v":600,"d":"600.00"},{"v":762,"d":"762.00"}]
["就诊卡","8cm*5.4cm带芯片","张","1.9800",{"v":16000,"d":"16,000.00"},{"v":31680,"d":"31,680.00"}]
["科室质量管理手册","成品21*28.5，封面200克彩色平纹纸，内页70克双胶单色","本","54.0000",{"v":33,"d":"33.00"},{"v":1782,"d":"1,782.00"}]
["空白单（各种检验报告）","亚太A级60克双胶纸125mm×210mm每本100页糊头","本","2.6000",{"v":104,"d":"104.00"},{"v":270.40000000000003,"d":"270.40"}]
["医生轮转表","复印纸A3","份","7.9800",{"v":110,"d":"110.00"},{"v":877.8000000000001,"d":"877.80"}]
["轮转表","亚太A级70克双胶纸420mm×297mm","份","1.9800",{"v":20,"d":"20.00"},{"v":39.6,"d":"39.60"}]
["麻醉前访视评估单","亚太A级60克双胶纸215mm×297mm每本100页糊头","本","4.3500",{"v":50,"d":"50.00"},{"v":217.49999999999997,"d":"217.50"}]
["麻醉同意书","亚太A级60克双胶纸215mm×297mm每本100页糊头","本","4.3500",{"v":100,"d":"100.00"},{"v":434.99999999999994,"d":"435.00"}]
["麻醉药品处方(精一。麻)","亚太A级60克双胶纸148mm×215mm每本100页封面印字包封面","本","2.6500",{"v":152,"d":"152.00"},{"v":402.8,"d":"402.80"}]
["门诊处方打印纸","19cm*9.3cm","盒","51.0000",{"v":140,"d":"140.00"},{"v":7140,"d":"7,140.00"}]
["门诊打印纸","收费处二联无碳纸105*190mm ","本",{"v":2.98,"d":"2.9800"},{"v":4920,"d":"4,920.00"},{"v":14661.6,"d":"14,661.60"}]
["门诊打印纸","收费处三联无碳纸105*181mm  ","本","3.5300",{"v":500,"d":"500.00"},{"v":1765,"d":"1,765.00"}]
["内镜消化道息肉切除知情同意书","亚太A级60克双胶纸215mm×297mm每本100页糊头","本","4.9500",{"v":50,"d":"50.00"},{"v":247.5,"d":"247.50"}]
["脑干诱发电位检查报告单","大32开","本","2.6500",{"v":50,"d":"50.00"},{"v":132.5,"d":"132.50"}]
["培训手册","","本","4.2600",{"v":100,"d":"100.00"},{"v":426,"d":"426.00"}]
["品管圈","A4","本","16.6000",{"v":40,"d":"40.00"},{"v":664,"d":"664.00"}]
["凭证盒","进品牛皮纸 150克牛皮纸","个","1.8500",{"v":500,"d":"500.00"},{"v":925,"d":"925.00"}]
["凭证盒包角","150克着色牛皮纸","个","0.4300",{"v":500,"d":"500.00"},{"v":215,"d":"215.00"}]
["人员进出登记本","亚太A级60克双胶纸215mm×297mm双色印刷每本100页糊头","本","5.5500",{"v":50,"d":"50.00"},{"v":277.5,"d":"277.50"}]
["荣誉证书","A3","本","17.0000",{"v":2,"d":"2.00"},{"v":34,"d":"34.00"}]
["荣誉证书","A3","本","2.4000",{"v":150,"d":"150.00"},{"v":360,"d":"360.00"}]
["荣誉证书","A3","本","9.0000",{"v":31,"d":"31.00"},{"v":279,"d":"279.00"}]
["荣誉证书","A4","本","7.9800",{"v":81,"d":"81.00"},646.38]
["三基试卷","60g复印纸A3","张","1.9000",{"v":480,"d":"480.00"},{"v":912,"d":"912.00"}]
["手术病人查对卡","宁波白卡250克圆形直径8cm上方打孔套手环(串绳）","个","0.4300",{"v":16400,"d":"16,400.00"},{"v":7052,"d":"7,052.00"}]
["手术护理记录单","亚太A级60克双胶纸215mm×297mm每本100页糊头","本","4.3500",{"v":100,"d":"100.00"},{"v":434.99999999999994,"d":"435.00"}]
["手术患者耗材医嘱单","亚太A级60克双胶纸215mm×297mm每本100页糊头 双联复写","本","8.8600",{"v":150,"d":"150.00"},{"v":1329,"d":"1,329.00"}]
["手术患者药品耗材医嘱（麻醉）","亚太A级60克双胶纸215mm×297mm每本100页糊头","本","4.6800",{"v":50,"d":"50.00"},{"v":234,"d":"234.00"}]
["手术患者药品耗材医嘱\n局麻，手术室","亚太A级60克双胶纸215mm×297mm每本100页糊头","本","7.9800",{"v":50,"d":"50.00"},{"v":399,"d":"399.00"}]
["输液管标识(红)","8×1.8cm","张","0.1450",{"v":5200,"d":"5,200.00"},{"v":754,"d":"754.00"}]
["输液管标识(绿)","8×1.8cm","张","0.1450",{"v":5200,"d":"5,200.00"},{"v":754,"d":"754.00"}]
["台历",null,"本","8.8000",{"v":13,"d":"13.00"},{"v":114.4,"d":"114.40"}]
["铜板纸","120克双面铜板纸","包","18.8000",{"v":1,"d":"1.00"},{"v":18.8,"d":"18.80"}]
["危险废物标识","20*15","张","0.8800",{"v":525,"d":"525.00"},{"v":462,"d":"462.00"}]
["无痛麻醉知情同意书","亚太A级60克双胶纸215mm×297mm双色印刷每本100页糊头","本","4.3500",{"v":100,"d":"100.00"},{"v":434.99999999999994,"d":"435.00"}]
["消化内镜检查同意书","大32开","本","2.6500",{"v":50,"d":"50.00"},{"v":132.5,"d":"132.50"}]
["消化内镜申请单","亚太A级60克双胶纸215mm×297mm双色印刷每本100页(双面)","本","4.9500",{"v":50,"d":"50.00"},{"v":247.5,"d":"247.50"}]
["心电图申请单","亚太A级60克双胶纸215mm×297mm双色印刷每本100页糊头","本","4.6800",{"v":200,"d":"200.00"},{"v":936,"d":"936.00"}]
["信封","80克牛皮纸270*390mm中","个","0.2100",{"v":1000,"d":"1,000.00"},{"v":210,"d":"210.00"}]
["信封","80克牛皮纸260*215mm小","个","0.0900",{"v":1000,"d":"1,000.00"},{"v":90,"d":"90.00"}]
["信封","80克牛皮纸390*540mm大","个",{"v":0.95,"d":"0.9500"},{"v":1000,"d":"1,000.00"},{"v":950,"d":"950.00"}]
["宣传单","A4","张","0.4500",{"v":200,"d":"200.00"},{"v":90,"d":"90.00"}]
["宣传单","大32开","张","0.3000",{"v":200,"d":"200.00"},{"v":60,"d":"60.00"}]
["宣传折页","157克双面铜板纸190*210彩色双面","份","0.5800",{"v":3000,"d":"3,000.00"},{"v":1739.9999999999998,"d":"1,740.00"}]
["宣传折页","19*21彩色双面","份","0.7800",{"v":500,"d":"500.00"},{"v":390,"d":"390.00"}]
["血液净化治疗单","亚太A级60克双胶纸215mm×297mm每本100页糊头","本","4.6800",{"v":300,"d":"300.00"},{"v":1404,"d":"1,404.00"}]
["一览卡","宁波250克白卡纸55mm×97mm","张","0.0180",{"v":27500,"d":"27,500.00"},{"v":494.99999999999994,"d":"495.00"}]
["医嘱本","亚太A级60克双胶纸215mm×297mm双色印刷封面印字包封面","本","5.9800",{"v":50,"d":"50.00"},{"v":299,"d":"299.00"}]
["引流管标识","","个","0.1450",{"v":5380,"d":"5,380.00"},{"v":780.0999999999999,"d":"780.10"}]
["用氧记录","亚太A级60克双胶纸125mm×210mm双色印刷封面印字包封面","本","2.7900",{"v":50,"d":"50.00"},{"v":139.5,"d":"139.50"}]
["有效期标签","不干胶成品直角不干胶1.5*6cm","张","0.1350",{"v":22550,"d":"22,550.00"},{"v":3044.25,"d":"3,044.25"}]
["粘帖单","亚太A级60克双胶纸215mm×297mm每本100页糊头","本","4.3500",{"v":50,"d":"50.00"},{"v":217.49999999999997,"d":"217.50"}]
["植入式医疗器械领用记","亚太A级60克双胶纸210mm×297mm双色印刷封面印字包封面","本","4.3500",{"v":50,"d":"50.00"},{"v":217.49999999999997,"d":"217.50"}]
["治疗护理医用护嘱单","亚太A级60克双胶纸210mm×297mm每本100页糊头","本","4.3500",{"v":50,"d":"50.00"},{"v":217.49999999999997,"d":"217.50"}]
["技术干部档案袋","150克着色牛皮纸440mm×580mm","个",1.93,50,{"v":96.5,"d":"96.50"}]
["医务人员医德考评登记表","亚太A级60克双胶纸210mm×297mm双面","张",0.115,50,5.75]
["一级护理巡视卡","亚太A级60克双胶纸130mm×190mm每本100页打孔","张",2.55,50,{"v":127.49999999999999,"d":"127.50"}]
["病室报告","亚太A级60克双胶纸210mm×297mm每本100页封面印字包封面","本",4.98,50,{"v":249.00000000000003,"d":"249.00"}]
["病历袋","150克着色牛皮纸440mm×580mm","个",1.23,50,{"v":61.5,"d":"61.50"}]
["X线头影测量片袋","150克着色牛皮纸440mm×580mm","张",1.1,50,{"v":55.00000000000001,"d":"55.00"}]
["种植病历","成品21*28.5，封面200克彩色平纹纸，内页70克双胶","本",1.85,50,{"v":92.5,"d":"92.50"}]
["造影剂告知书","亚太A级60克双胶纸210mm×145mm每本100页糊头","本",2.79,50,{"v":139.5,"d":"139.50"}]
["院内病人转科交接记录","亚太A级60克双胶纸215mm×297mm每本100页糊头","本",4.35,50,{"v":217.49999999999997,"d":"217.50"}]
["医生交班本","亚太A级60克双胶纸215mm×297mm双色印刷封面印字包封面","本",4.98,50,{"v":249.00000000000003,"d":"249.00"}]
["医疗设备运行记录本","亚太A级60克双胶纸215mm×297mm双色印刷封面印字包封面","本",3.3,50,{"v":165,"d":"165.00"}]
["押运营业款交接单","10.5*29.5自动复写纸","本",8.98,20,{"v":179.60000000000002,"d":"179.60"}]
["细胞检验申请单","亚太A级60克双胶纸148mm×215m每本100页封面印字包封面","本",2.98,50,{"v":149,"d":"149.00"}]
["长期医嘱","亚太A级60克双胶纸215mm×297mm每本100页糊头","本",4.35,50,{"v":217.49999999999997,"d":"217.50"}]
["产前检查告知","亚太A级60克双胶纸215mm×297mm每本100页糊头","本",4.98,50,{"v":249.00000000000003,"d":"249.00"}]
["病理标本签收单","亚太A级60克双胶纸148mm×215mm每本100页封面印字包封面","本",3.68,50,{"v":184,"d":"184.00"}]
["合计（控制价）",{"$nulls":4},133780.08000000002]
["备注：1、报价单位根据上述清单填报单价及总价，该项目招标控制价为：133780.08元，超过此总价为无效报价。2、未标明规格参数的物品以院方目前使用实物为标准。3、清单数量为年度暂估总量，结算以实际发生量为准。"]